[Event "BL2-O 9192"]
[Site "GER"]
[Date "1992.??.??"]
[Round "?"]
[White "Wallinger, Manfred"]
[Black "Renner, Christoph"]
[Result "0-1"]
[WhiteElo "2270"]
[BlackElo "2385"]
[PlyCount "42"]
[EventDate "1991.10.??"]
[Source "www.chesslib.no"]
[SourceDate "2004.05.04"]

1. d4 f5 2. e4 fxe4 3. Nc3 Nf6 4. f3 d5 5. fxe4 dxe4 6. Bg5 Bf5 7. Bc4 e6 8. Nge2 Nc6 9. O-O Na5 10. Bb5+ c6 11. Ba4 b5 12. Bb3 b4 13. Na4 Bd6 14. Qe1 Nxb3 15. axb3 Bxh2+ 16. Kh1 Bd6 17. Nc5 O-O 18. Qxb4 Qe8 19. Nf4 Nd5 20. Qe1 h6 21. Nxd5 hxg5 0-1

[Event "Copenhagen Open"]
[Site "Copenhagen DEN"]
[Date "1991.??.??"]
[Round "8"]
[White "Bogdanovich, Grigory"]
[Black "Borge, Nikolai"]
[Result "0-1"]
[WhiteElo "2355"]
[BlackElo "2300"]
[PlyCount "56"]
[EventDate "1991.06.??"]
[Source "www.chesslib.no"]
[SourceDate "2004.05.04"]

1. d4 f5 2. e4 fxe4 3. Nc3 Nc6 4. Nxe4 d5 5. Ng3 e5 6. dxe5 Nxe5 7. Qh5+ Nf7 8. Bd3 Nf6 9. Qh4 Be7 10. Nf5 Ne5 11. Nxg7+ Kf7 12. Nf3 Qd6 13. Bf4 Qb4+ 14. Kf1 Nxd3 15. cxd3 Kxg7 16. Qh6+ Kf7 17. Ne5+ Ke8 18. Bg5 Rf8 19. Bxf6 Bxf6 20. Qh5+ Kd8 21. Nf7+ Ke7 22. Ng5 Bf5 23. Re1+ Kd6 24. Ne4+ dxe4 25. dxe4 Bxe4 26. Rd1+ Kc6 27. Rc1+ Kb6 28. a4 a5 0-1

[Event "Loures"]
[Site "Loures"]
[Date "1996.??.??"]
[Round "1"]
[White "Santos, Carlos P"]
[Black "Permuy, Carlos"]
[Result "1/2-1/2"]
[WhiteElo "2340"]
[BlackElo "2315"]
[PlyCount "44"]
[EventDate "1996.??.??"]
[Source "www.chesslib.no"]
[SourceDate "2004.05.04"]

1. d4 f5 2. e4 fxe4 3. Nc3 Nf6 4. g4 g6 5. g5 Nh5 6. Nxe4 d5 7. Ng3 Ng7 8. h4 Qd6 9. Bd3 Nc6 10. h5 Nf5 11. N1e2 Rg8 12. hxg6 hxg6 13. Bf4 e5 14. dxe5 Nxe5 15. Bxf5 Bxf5 16. Nxf5 gxf5 17. Nc3 O-O-O 18. Qe2 Bg7 19. O-O-O Nd3+ 20. Rxd3 Qxf4+ 21. Qd2 Qxd2+ 22. Kxd2 Bxc3+ 1/2-1/2

[Event "Czestochowa"]
[Site "Czestochowa"]
[Date "1981.??.??"]
[Round "7"]
[White "Starck, Bodo"]
[Black "Gazik, Igor"]
[Result "0-1"]
[WhiteElo "2325"]
[BlackElo "2325"]
[PlyCount "76"]
[EventDate "1981.08.??"]
[Source "www.chesslib.no"]
[SourceDate "2004.05.04"]

1. d4 f5 2. e4 fxe4 3. Nc3 g6 4. Nxe4 Bg7 5. h4 d5 6. Ng5 Nc6 7. Bb5 Qd6 8. c3 Nf6 9. Ne2 Nh5 10. Be3 O-O 11. Qd2 e5 12. Bxc6 bxc6 13. dxe5 Bxe5 14. O-O-O Rb8 15. Bd4 Bxd4 16. Qxd4 Ba6 17. Rhe1 Bc4 18. g4 Bxe2 19. Rxe2 Nf4 20. Re3 c5 21. Qe5 Qxe5 22. Rxe5 c4 23. Ne6 Rfe8 24. Nxf4 Rxe5 25. Nxd5 Re2 26. Nf6+ Kf7 27. Nxh7 Ke7 28. Rd2 Rxd2 29. Kxd2 Rxb2+ 30. Ke3 Rxa2 31. Ng5 a5 32. h5 gxh5 33. gxh5 a4 34. h6 Kf6 35. h7 Kg7 36. Nf7 Kxh7 37. Ne5 a3 38. Nxc4 Re2+ 0-1

[Event "Sweden"]
[Site "?"]
[Date "2000.??.??"]
[Round "8"]
[White "Eriksson Johan"]
[Black "Winge Stefan"]
[Result "1-0"]
[WhiteElo "2373"]
[BlackElo "2275"]
[PlyCount "107"]
[EventDate "2000.??.??"]
[Source "www.chesslib.no"]
[SourceDate "2004.05.04"]

1. d4 f5 2. e4 fxe4 3. Nc3 Nf6 4. f3 d5 5. fxe4 dxe4 6. Bg5 Bf5 7. Bc4 Nbd7 8. Nge2 h6 9. O-O e6 10. Bh4 Bd6 11. Kh1 c6 12. Ng3 Qa5 13. Nxf5 exf5 14. Be6 O-O-O 15. Rxf5 Qc7 16. Bxf6 gxf6 17. Nxe4 Kb8 18. Qf3 Be7 19. c3 Nf8 20. Bb3 Nd7 21. Rf1 a6 22. h3 Ka8 23. Qf4 Qxf4 24. R5xf4 Kb8 25. Rg4 Rh7 26. Be6 Kc7 27. Bxd7 Rxd7 28. Nxf6 Bxf6 29. Rxf6 Rde7 30. Rgf4 h5 31. Kg1 h4 32. Kf2 Reg7 33. Re6 Rg5 34. Ree4 Rgh5 35. Kf3 Kb6 36. Re5 R5h6 37. a4 Ka7 38. a5 Rg6 39. Ree4 Rgh6 40. Re8 Rh5 41. b4 b6 42. axb6+ Kxb6 43. Re6 Kb5 44. Rff6 Rg7 45. Rxc6 Rg3+ 46. Ke4 Rxg2 47. Rxa6 Kc4 48. Rac6+ Kb3 49. Rc5 Rh8 50. b5 Re2+ 51. Kd5 Re3 52. b6 Rxh3 53. b7 Rb8 54. Rb6+ 1-0

[Event "RUS-ch sf"]
[Site "?"]
[Date "2000.??.??"]
[Round "10"]
[White "Pliasunov Aleksej"]
[Black "Obukhov Alexander"]
[Result "0-1"]
[WhiteElo "2221"]
[BlackElo "2425"]
[PlyCount "94"]
[EventDate "2000.??.??"]
[Source "www.chesslib.no"]
[SourceDate "2004.05.04"]

1. d4 f5 2. e4 fxe4 3. Nc3 Nf6 4. g4 h6 5. f3 d5 6. h3 c5 7. fxe4 cxd4 8. Qxd4 Nc6 9. Bb5 Bd7 10. Bxc6 Bxc6 11. e5 Ne4 12. Nxe4 dxe4 13. Qxd8+ Rxd8 14. Be3 b6 15. Ne2 g5 16. Nd4 Bd5 17. Nb5 Bg7 18. Nc7+ Kf7 19. O-O-O Bc4 20. Bd4 Kg6 21. b3 Rc8 22. bxc4 Rxc7 23. c5 bxc5 24. Bc3 Rf8 25. Rhf1 Rf4 26. Bd2 Rxf1 27. Rxf1 Bxe5 28. Re1 Bf4 29. Rxe4 e5 30. Bxf4 exf4 31. Re6+ Kf7 32. Rxh6 Rd7 33. Rh7+ Ke6 34. Rxd7 Kxd7 35. Kd2 Ke6 36. Ke2 Kd5 37. Kf3 Ke5 38. c4 a5 39. a4 Kd4 40. h4 gxh4 41. Kxf4 Kxc4 42. g5 h3 43. g6 h2 44. g7 h1=Q 45. g8=Q+ Qd5 46. Qb8 Qd2+ 47. Ke4 Qc2+ 0-1

[Event "Zalakaros Open"]
[Site "Zalakaros"]
[Date "1995.??.??"]
[Round "7"]
[White "Vigh, Bela"]
[Black "Horvath, Julia"]
[Result "1/2-1/2"]
[WhiteElo "2370"]
[BlackElo "2270"]
[PlyCount "59"]
[EventDate "1995.??.??"]
[Source "www.chesslib.no"]
[SourceDate "2004.05.04"]

1. d4 f5 2. e4 fxe4 3. Nc3 Nf6 4. f3 d5 5. fxe4 dxe4 6. Bc4 e5 7. dxe5 Qxd1+ 8. Nxd1 Ng4 9. Bf4 Nc6 10. Nc3 Ngxe5 11. Bb3 Bb4 12. O-O-O Bg4 13. Rd5 Bxc3 14. bxc3 Rd8 15. Rxd8+ Kxd8 16. Nh3 Rf8 17. Bg3 e3 18. Re1 e2 19. Nf4 Re8 20. h3 Bf5 21. Rxe2 g5 22. Rd2+ Kc8 23. Nd5 Na5 24. Nf6 Nxb3+ 25. axb3 Re6 26. Nd5 c6 27. Rf2 Bg6 28. Nf6 Nd7 29. Nxd7 Kxd7 30. Kd2 1/2-1/2

[Event "SVK-chT 0203"]
[Site "?"]
[Date "2002.??.??"]
[Round "1"]
[White "Biro Karol"]
[Black "Sluka Radek"]
[Result "0-1"]
[WhiteElo "2305"]
[BlackElo "2317"]
[PlyCount "40"]
[EventDate "2002.??.??"]
[Source "www.chesslib.no"]
[SourceDate "2004.05.04"]

1. d4 f5 2. e4 fxe4 3. Nc3 g6 4. Nxe4 d5 5. Ng3 Bg7 6. h4 c5 7. dxc5 Qa5+ 8. c3 Qxc5 9. h5 Nc6 10. hxg6 hxg6 11. Rxh8 Bxh8 12. Bd3 Ne5 13. Be2 Bd7 14. Be3 Qa5 15. Bd4 O-O-O 16. Nh3 Bxh3 17. gxh3 Nh6 18. Qc1 Nef7 19. Bxh8 Rxh8 20. Qg5 Nxg5 0-1

[Event "Chigorin Mem, St Petersburg RUS"]
[Site "?"]
[Date "2000.??.??"]
[Round "1"]
[White "Taranenko, O."]
[Black "Ivannikov, V."]
[Result "1-0"]
[WhiteElo "2195"]
[BlackElo "2420"]
[PlyCount "49"]
[EventDate "2000.??.??"]
[Source "www.chesslib.no"]
[SourceDate "2004.05.04"]

1. d4 f5 2. e4 fxe4 3. Nc3 Nf6 4. f3 d5 5. Bg5 Bf5 6. fxe4 dxe4 7. Bc4 Nc6 8. Nge2 Qd7 9. O-O e6 10. d5 Ne5 11. dxe6 Qxd1 12. Raxd1 Bg6 13. Bb3 Bc5+ 14. Kh1 Neg4 15. Nb5 Rc8 16. Bf4 Bb6 17. h3 Ne3 18. Bxe3 Bxe3 19. Rxf6 gxf6 20. Rd7 Bb6 21. Nec3 e3 22. Nd5 O-O 23. e7 e2 24. Nf4+ Kg7 25. e8=Q+ 1-0

[Event "VLS02/03"]
[Site "Baden"]
[Date "2002.11.24"]
[Round "3.2"]
[White "Hochstrasser, Michael"]
[Black "Marzolf, Bruno"]
[Result "0-1"]
[WhiteElo "2305"]
[BlackElo "2300"]
[PlyCount "98"]
[EventDate "2002.10.13"]
[Source "Roberto Alvarez"]
[SourceDate "2003.05.26"]

1. d4 f5 2. e4 fxe4 3. Nc3 Nf6 4. f3 d5 5. fxe4 dxe4 6. Bc4 Bf5 7. Bg5 e6 8. Nge2 Be7 9. O-O Nc6 10. Qe1 Qd7 11. Rd1 Na5 12. Bb5 c6 13. Ba4 b5 14. d5 bxa4 15. dxe6 Qxe6 16. Nd4 Bc5 17. Nce2 Bg4 18. Kh1 Qe5 19. Bf4 Qh5 20. Ng3 Qd5 21. Nde2 Qc4 22. Qxa5 Bxe2 23. Nxe2 O-O 24. Qc3 Qxe2 25. Qxc5 Ng4 26. Rfe1 Qb5 27. Qxb5 cxb5 28. Bg3 Nf2+ 29. Bxf2 Rxf2 30. Rxe4 Rxc2 31. Re7 Rac8 32. h3 Rc1 33. Rxc1 Rxc1+ 34. Kh2 Rc2 35. Rxa7 Rxb2 36. a3 Rb3 37. Rb7 h5 38. h4 Kh7 39. Rb6 Kg8 40. Rb7 Kf8 41. g3 g6 42. Kg2 Ke8 43. Kh3 Kd8 44. Kg2 Kc8 45. Rb6 Kc7 46. Rxg6 Rxa3 47. Rg5 Rb3 48. Rxh5 a3 49. Rh8 Rb4 0-1

[Event "Wittlich"]
[Site "Wittlich"]
[Date "1980.??.??"]
[Round "1"]
[White "Sandmeier, Toni"]
[Black "Borngaesser, Rene"]
[Result "1/2-1/2"]
[WhiteElo "2235"]
[BlackElo "2360"]
[PlyCount "41"]
[EventDate "1980.??.??"]
[Source "www.chesslib.no"]
[SourceDate "2004.05.04"]

1. d4 f5 2. e4 fxe4 3. Nc3 Nf6 4. f3 Nc6 5. d5 Ne5 6. fxe4 e6 7. dxe6 d6 8. Nf3 Bxe6 9. Nd4 Qd7 10. Bg5 Be7 11. Ncb5 Bg4 12. Be2 O-O 13. O-O c6 14. Nc3 g6 15. Qe1 Bxe2 16. Ndxe2 Nh5 17. Qh4 Bxg5 18. Qxg5 Rxf1+ 19. Rxf1 Qd8 20. Qxd8+ Rxd8 21. Nd4 1/2-1/2

[Event "Biel-C"]
[Site "Biel"]
[Date "1990.??.??"]
[Round "10"]
[White "Streitberg, Petr"]
[Black "Klauser, Markus"]
[Result "1-0"]
[WhiteElo "2285"]
[BlackElo "2310"]
[PlyCount "39"]
[EventDate "1990.07.??"]
[Source "www.chesslib.no"]
[SourceDate "2004.05.04"]

1. d4 f5 2. e4 fxe4 3. Nc3 Nf6 4. f3 d5 5. fxe4 dxe4 6. Bg5 Bf5 7. Bc4 Qd7 8. Nge2 e6 9. O-O Nc6 10. Qe1 Na5 11. Bxe6 Bxe6 12. Bxf6 Nc4 13. Nxe4 Ne3 14. Nf4 Nxf1 15. d5 Qa4 16. Nd6+ Bxd6 17. Qxe6+ Kf8 18. Bxg7+ Kxg7 19. Nh5+ Kf8 20. Rxf1+ 1-0

[Event "Budapest HUN"]
[Site "?"]
[Date "1998.??.??"]
[Round "?"]
[White "Pottornyai Laszlo"]
[Black "Grunberg Mihai-Lucian"]
[Result "0-1"]
[WhiteElo "2200"]
[BlackElo "2390"]
[PlyCount "36"]
[EventDate "1998.??.??"]
[Source "www.chesslib.no"]
[SourceDate "2004.05.04"]

1. d4 f5 2. e4 fxe4 3. Nc3 Nf6 4. g4 h6 5. g5 hxg5 6. Bxg5 d5 7. f3 Bf5 8. Bxf6 exf6 9. fxe4 dxe4 10. Bg2 Bb4 11. Nge2 Nc6 12. a3 Bxc3+ 13. bxc3 Bg4 14. Bxe4 Qd6 15. Qd3 Bxe2 16. Qxe2 Kf8 17. O-O Re8 18. Rf2 Rh4 0-1

[Event "Alushta3"]
[Site "Alushta"]
[Date "1994.??.??"]
[Round "7"]
[White "Vasilevich, Tatjana"]
[Black "Margoline, Boris"]
[Result "0-1"]
[WhiteElo "2205"]
[BlackElo "2385"]
[PlyCount "134"]
[EventDate "1994.??.??"]
[Source "ChessBase"]

1. d4 f5 2. e4 fxe4 3. Nc3 Nf6 4. f3 d5 5. Bg5 Bf5 6. Qd2 e6 7. fxe4 dxe4 8. Bc4 Nc6 9. Nge2 Na5 10. Bb3 Nxb3 11. axb3 h6 12. Bf4 Bb4 13. O-O Nd5 14. Be5 O-O 15. Qc1 Bg4 16. h3 Bxe2 17. Nxe2 Bd6 18. Qd2 Qh4 19. c4 e3 20. Qd3 Nb4 21. Qg6 Qe7 22. Nf4 Bxe5 23. dxe5 e2 24. Nxe2 Qc5+ 25. Kh1 Qxe5 26. Nc3 Rxf1+ 27. Rxf1 Rf8 28. Rxf8+ Kxf8 29. Qg4 Nc6 30. Qf3+ Ke7 31. b4 Qf5 32. Qg3 Qe5 33. Qf3 Qf6 34. Qe2 Nxb4 35. Nd5+ Nxd5 36. cxd5 Qf5 37. dxe6 Qxe6 38. Qb5 b6 39. Qa6 Qe1+ 40. Kh2 Qe5+ 41. Kh1 Qxb2 42. Qxa7 Qe5 43. Qa3+ Kd7 44. Qd3+ Kc8 45. Qa6+ Kb8 46. Qc4 Kb7 47. Qb4 b5 48. Qa5 Qc5 49. Kh2 Qb6 50. Qc3 Qd6+ 51. Kh1 g5 52. Qf3+ c6 53. Qf7+ Kb6 54. Qf2+ c5 55. Qe3 b4 56. Qb3 Kb5 57. Qf7 c4 58. Qf5+ Kb6 59. Qf2+ Ka6 60. Qf1 Qf4 61. Qa1+ Kb5 62. Qg7 c3 63. Qd7+ Kc5 64. Qa7+ Kc4 65. Qa2+ Kd3 66. Qd5+ Qd4 67. Qb3 Kd2 0-1

[Event "Spring Open"]
[Site "Budapest HUN"]
[Date "1989.??.??"]
[Round "?"]
[White "Vigh, Bela"]
[Black "Koszegi, Lajos"]
[Result "1-0"]
[WhiteElo "2335"]
[BlackElo "2255"]
[PlyCount "81"]
[EventDate "1989.03.??"]
[Source "www.chesslib.no"]
[SourceDate "2004.05.04"]

1. d4 f5 2. e4 fxe4 3. Nc3 Nf6 4. f3 e3 5. Bxe3 e6 6. a3 b6 7. Bd3 Ba6 8. Nge2 Be7 9. Bxa6 Nxa6 10. Qd3 Qc8 11. d5 e5 12. Ng3 O-O 13. Nf5 Re8 14. Ne4 Nxe4 15. fxe4 Nc5 16. Bxc5 bxc5 17. Qg3 Bf6 18. O-O Qa6 19. Rad1 Qe2 20. Rde1 Qh5 21. d6 cxd6 22. Qb3+ Kh8 23. Nxd6 Rf8 24. Qd5 Rab8 25. Nc4 Qf7 26. Qxf7 Rxf7 27. Rd1 Kg8 28. Rd5 Kf8 29. b3 d6 30. Rxd6 Rc7 31. g3 Ke7 32. Kg2 Rd7 33. Rxd7+ Kxd7 34. Rd1+ Kc7 35. Rd5 Kc6 36. Kf3 Re8 37. h4 h5 38. Rd6+ Kc7 39. Ra6 Ra8 40. Ke2 Kd7 41. Nb6+ 1-0

[Event "Muenster Elo"]
[Site "Muenster"]
[Date "1990.??.??"]
[Round "9"]
[White "Molinaroli, Martin"]
[Black "Hoefker, Mathias"]
[Result "1-0"]
[WhiteElo "2245"]
[BlackElo "2340"]
[PlyCount "43"]
[EventDate "1990.??.??"]
[Source "www.chesslib.no"]
[SourceDate "2004.05.04"]

1. d4 f5 2. e4 fxe4 3. Nc3 Nf6 4. f3 d5 5. fxe4 dxe4 6. Bg5 Bg4 7. Be2 Bf5 8. Qd2 c6 9. Nh3 Nbd7 10. Rf1 Qa5 11. b4 Qxb4 12. Rxf5 e6 13. Rf1 Qa5 14. Nd1 Bb4 15. c3 Bd6 16. Ne3 Bxh2 17. Bf4 Bxf4 18. Nxf4 Nf8 19. Nc4 Qg5 20. O-O-O O-O-O 21. Ne5 Nd5 22. Nf7 1-0

[Event "Vienna"]
[Site "?"]
[Date "2006.07.31"]
[Round "3"]
[White "Riedner Martin"]
[Black "Schroll Gerhard"]
[Result "1/2-1/2"]
[WhiteElo "2205"]
[BlackElo "2375"]
[PlyCount "83"]
[EventDate "2006.??.??"]
[Source "www.chesslib.no"]
[SourceDate "2004.05.04"]

1. d4 f5 2. e4 fxe4 3. f3 d5 4. fxe4 dxe4 5. Bb5+ Nd7 6. Bf4 Ngf6 7. Ne2 c6 8. Bc4 Nb6 9. Bb3 Nbd5 10. Nbc3 Bg4 11. Qd2 e6 12. h3 Bh5 13. g4 Bg6 14. O-O-O Bd6 15. Bxd6 Qxd6 16. Qe1 O-O-O 17. Ng3 h5 18. gxh5 Qf4+ 19. Kb1 Nxc3+ 20. Qxc3 Nxh5 21. Bxe6+ Kb8 22. Ne2 Qd6 23. Qb3 Rhe8 24. Bf7 Bxf7 25. Qxf7 Qd5 26. Qxd5 cxd5 27. Rhg1 Rf8 28. Rg5 Rf2 29. Re1 Rdf8 30. Kc1 R8f5 31. Rxf5 Rxf5 32. Rg1 Rf2 33. Kd1 e3 34. c3 Rh2 35. Rg5 Rxh3 36. Rxd5 Rh1+ 37. Kc2 Rh2 38. Kd3 Rxe2 39. Rxh5 Rxb2 40. Kxe3 Rg2 41. Rc5 Rxa2 42. Rg5 1/2-1/2

[Event "Kecskemet III-B"]
[Site "?"]
[Date "1991.??.??"]
[Round "?"]
[White "Menyhart Tibor"]
[Black "Krizsany Laszlo"]
[Result "0-1"]
[WhiteElo "2245"]
[BlackElo "2335"]
[PlyCount "59"]
[EventDate "1991.??.??"]
[Source "www.chesslib.no"]
[SourceDate "2004.05.04"]

1. d4 f5 2. e4 fxe4 3. Nc3 Nf6 4. f3 d5 5. fxe4 dxe4 6. Bc4 Nc6 7. Nge2 Bf5 8. Bf4 e6 9. Qd2 Na5 10. Bb5+ c6 11. Ba4 Bb4 12. Bb3 Nxb3 13. axb3 O-O 14. O-O Qd7 15. h3 a6 16. Ra4 c5 17. Be3 Rad8 18. Rd1 Nd5 19. Kh1 Nxe3 20. Qxe3 Qc6 21. dxc5 Rxd1+ 22. Nxd1 Bxc5 23. Qc3 Rd8 24. Qe1 b5 25. Ra1 e3 26. Nf4 Qd6 27. Nh5 Bg6 28. Qh4 Qxd1+ 29. Rxd1 Rxd1+ 30. Kh2 0-1

[Event "Untergrombach op"]
[Site "Untergrombach"]
[Date "1998.??.??"]
[Round "?"]
[White "Hoffmann, Michael"]
[Black "Bossert, Christian"]
[Result "0-1"]
[WhiteElo "2430"]
[BlackElo "2150"]
[PlyCount "82"]
[EventDate "1998.??.??"]
[Source "www.chesslib.no"]
[SourceDate "2004.05.04"]

1. d4 f5 2. e4 fxe4 3. Nc3 Nf6 4. f3 Nc6 5. fxe4 e5 6. dxe5 Nxe5 7. Nf3 Bd6 8. Bg5 h6 9. Bf4 Qe7 10. Nh4 Bb4 11. Qd4 Nc6 12. Qe3 Ng4 13. Qg3 Qxe4+ 14. Be2 Bxc3+ 15. bxc3 O-O 16. O-O Qxe2 17. Rae1 Qxc2 18. Qxg4 d6 19. Qg3 Bd7 20. Bxh6 Qh7 21. Be3 Ne5 22. Bd4 Rxf1+ 23. Rxf1 Re8 24. Bxe5 dxe5 25. Ng6 Qh5 26. h3 Bc6 27. Qd3 Qg5 28. Qc4+ Kh7 29. Nh4 e4 30. Nf5 e3 31. Qh4+ Qxh4 32. Nxh4 Re4 33. Nf5 Bb5 34. Re1 e2 35. Nd4 Ba6 36. Kf2 Rf4+ 37. Nf3 Ra4 38. Ra1 Ra3 39. Nd4 Rxc3 40. Nxe2 Rc2 41. Re1 Rxa2 0-1

[Event "JUG Team Ch FL"]
[Site "Arandjelovac"]
[Date "1990.??.??"]
[Round "8"]
[White "Nikolic, Vasilije"]
[Black "Pavlovic, Slobodan"]
[Result "1-0"]
[WhiteElo "2320"]
[BlackElo "2250"]
[PlyCount "57"]
[EventDate "1990.??.??"]
[Source "www.chesslib.no"]
[SourceDate "2004.05.04"]

1. d4 f5 2. e4 fxe4 3. Nc3 Nf6 4. f3 d5 5. Bg5 Nc6 6. Qd2 Bf5 7. O-O-O a6 8. h4 exf3 9. gxf3 Qd7 10. Nge2 e6 11. Ng3 Be7 12. h5 h6 13. Bf4 Bd6 14. Nxf5 exf5 15. Re1+ Kd8 16. Be5 Rf8 17. Bxf6+ Rxf6 18. Nxd5 Re6 19. Rxe6 Qxe6 20. Bc4 Qe8 21. Nf4 Kc8 22. Re1 Ne7 23. Ng6 Qd8 24. Ne5 Kb8 25. f4 Nc8 26. Qf2 Nb6 27. Bd3 Qe8 28. Bxf5 Qxh5 29. Bg4 1-0

[Event "CSR Ch"]
[Site "Trinec CZE"]
[Date "1972.??.??"]
[Round "15"]
[White "Sikora-Lerch, Jan"]
[Black "Lechtynsky, Jiri"]
[Result "0-1"]
[WhiteElo "2200"]
[BlackElo "2360"]
[PlyCount "24"]
[EventDate "1972.??.??"]
[Source "www.chesslib.no"]
[SourceDate "2004.05.04"]

1. d4 f5 2. e4 fxe4 3. Nc3 Nf6 4. g4 h6 5. g5 hxg5 6. Bxg5 d5 7. f3 Nc6 8. fxe4 Nxe4 9. Nxe4 dxe4 10. d5 Nb4 11. c4 Qd6 12. a3 Rxh2 0-1

[Event "Kiel"]
[Site "?"]
[Date "2003.07.28"]
[Round "5.10"]
[White "Bach Matthias"]
[Black "Wiebe Patrick Martin"]
[Result "1-0"]
[WhiteElo "2354"]
[BlackElo "2204"]
[PlyCount "132"]
[EventDate "2003.??.??"]
[Source "www.chesslib.no"]
[SourceDate "2004.05.04"]

1. d4 f5 2. e4 fxe4 3. Nc3 Nf6 4. f3 d5 5. Bg5 Bf5 6. Nge2 exf3 7. Nf4 f2+ 8. Kxf2 Ng4+ 9. Kg1 h6 10. Bh4 g5 11. Bd3 Qd7 12. h3 Nf6 13. Ng6 Rg8 14. Ne5 Qe6 15. Bg3 c6 16. Kh2 Nbd7 17. Re1 Bxd3 18. cxd3 Nxe5 19. Rxe5 Qf7 20. Qb3 b5 21. a4 b4 22. Qxb4 e6 23. Qa5 Bd6 24. Rf1 Kf8 25. Qa6 Kg7 26. Qxc6 Rad8 27. Nb5 Bb8 28. Qxe6 Rgf8 29. Qxf7+ Rxf7 30. Ref5 Bxg3+ 31. Kxg3 Nh5+ 32. Kh2 Rxf5 33. Rxf5 Nf4 34. Nxa7 Ra8 35. Nc6 Rxa4 36. h4 Ra2 37. hxg5 hxg5 38. Ne7 Rxb2 39. Rxg5+ Kf6 40. Rf5+ Kxe7 41. Rxf4 Rb3 42. Kg3 Rxd3+ 43. Kh4 Rd1 44. Kg5 Rg1 45. g4 Re1 46. Rf5 Ke6 47. Rf6+ Ke7 48. Rb6 Rd1 49. Rb4 Kf7 50. Kf5 Rf1+ 51. Ke5 Rg1 52. Rb7+ Kg6 53. Rb8 Kf7 54. Rb7+ Kg6 55. Kxd5 Rxg4 56. Ke5 Rg5+ 57. Ke6 Rg1 58. d5 Re1+ 59. Kd7 Kf6 60. d6 Rh1 61. Rb2 Ke5 62. Rb5+ Kf6 63. Kc7 Kf7 64. Rc5 Rd1 65. d7 Ke7 66. Re5+ Kf6 1-0

[Event "Regionalliga SO9697"]
[Site "Bayern"]
[Date "1997.??.??"]
[Round "?"]
[White "Stumpf, Heinz"]
[Black "Moser, Guenter"]
[Result "0-1"]
[WhiteElo "2215"]
[BlackElo "2340"]
[PlyCount "48"]
[EventDate "1996.10.??"]
[Source "www.chesslib.no"]
[SourceDate "2004.05.04"]

1. d4 f5 2. e4 fxe4 3. Nc3 Nf6 4. f3 d5 5. fxe4 dxe4 6. Bg5 Bf5 7. Bc4 c6 8. Nge2 Nbd7 9. O-O e6 10. Ng3 Qb6 11. Nxf5 exf5 12. Rxf5 O-O-O 13. Ne2 Bd6 14. c3 Rhe8 15. Qb3 h6 16. Bh4 Qc7 17. Bg3 g6 18. Rff1 Nh5 19. Bxd6 Qxd6 20. a4 Re7 21. Rf7 Rf8 22. Rxf8+ Nxf8 23. Rf1 Nd7 24. Rf7 Ndf6 0-1

[Event "Grand Prix II"]
[Site "Buenos Aires"]
[Date "1992.??.??"]
[Round "4"]
[White "Minzer, Claudio Javier"]
[Black "Rodi, Luis Ernesto"]
[Result "1-0"]
[WhiteElo "2290"]
[BlackElo "2255"]
[PlyCount "73"]
[EventDate "1992.??.??"]
[Source "www.chesslib.no"]
[SourceDate "2004.05.04"]

1. d4 f5 2. e4 fxe4 3. Nc3 g6 4. Nxe4 d5 5. Ng3 Nc6 6. Nf3 Bg7 7. Bb5 Qd6 8. O-O Bg4 9. c3 O-O-O 10. Bxc6 Qxc6 11. Ne5 Bxd1 12. Nxc6 bxc6 13. Rxd1 e5 14. dxe5 Bxe5 15. Be3 Kb7 16. Re1 Nf6 17. Bg5 Bxg3 18. hxg3 Rd6 19. Re7 h6 20. Be3 g5 21. Bd4 Rf8 22. Be5 Rdd8 23. Rxc7+ Kb6 24. Re7 Nd7 25. Bg7 Rfe8 26. Rae1 Rxe7 27. Rxe7 h5 28. f4 Kc5 29. Re6 gxf4 30. gxf4 Rg8 31. Bd4+ Kb5 32. a4+ Kxa4 33. Rxc6 Rf8 34. Rd6 Nb6 35. Bxb6 axb6 36. Rxd5 Rxf4 37. Rd4+ 1-0

[Event "Corr"]
[Site "?"]
[Date "1998.??.??"]
[Round "?"]
[White "Luzardo Alvarez Julio Cesar"]
[Black "Luzuriaga Norberto Horacio"]
[Result "0-1"]
[WhiteElo "2304"]
[BlackElo "2240"]
[PlyCount "68"]
[EventDate "1998.??.??"]
[Source "www.chesslib.no"]
[SourceDate "2004.05.04"]

1. d4 f5 2. e4 fxe4 3. Nc3 Nf6 4. f3 d5 5. fxe4 dxe4 6. Bg5 Bf5 7. Bc4 Nc6 8. Nge2 Qd7 9. O-O e6 10. Qe1 O-O-O 11. Rd1 Nb4 12. Qh4 Be7 13. Nxe4 Nxe4 14. Bxe7 g5 15. Bxg5 Nxg5 16. Qxg5 Rhg8 17. Qh4 Qc6 18. d5 Nxd5 19. Bxd5 Rxd5 20. Rxd5 Qxd5 21. Qf2 Qxa2 22. Ng3 Bg6 23. Qe2 Re8 24. c4 Qb3 25. Rf3 Qb6+ 26. Kh1 Qd4 27. b3 h5 28. Re3 h4 29. Rxe6 Rf8 30. Nf1 Bh5 31. Qe1 h3 32. Ne3 Bg4 33. Re7 Kd8 34. Rh7 Re8 0-1

[Event "Moscow Ch Open"]
[Site "Moscow RUS"]
[Date "1995.??.??"]
[Round "9"]
[White "Ulko, Jaroslav"]
[Black "Bondar, Anatoly T"]
[Result "1-0"]
[WhiteElo "2285"]
[BlackElo "2255"]
[PlyCount "61"]
[EventDate "1995.??.??"]
[Source "www.chesslib.no"]
[SourceDate "2004.05.04"]

1. d4 f5 2. e4 fxe4 3. Nc3 Nf6 4. f3 d5 5. Bg5 Bf5 6. fxe4 Nxe4 7. Nxe4 Bxe4 8. Ne2 Qd7 9. Nc3 Qf5 10. Qd2 e5 11. Bb5+ c6 12. Rf1 Qg6 13. Nxe4 Qxe4+ 14. Be2 Qxd4 15. Qxd4 exd4 16. O-O-O h6 17. Bh5+ Kd7 18. Rf7+ Kd6 19. Bf4+ Kc5 20. Rxb7 Na6 21. a3 d3 22. b4+ Kc4 23. Rxd3 Bxb4 24. axb4 Nxb4 25. Ra3 a5 26. Be2+ Kd4 27. Bd6 Rhe8 28. c3+ Ke3 29. cxb4+ Kxe2 30. bxa5 Kf1 31. Rf7+ 1-0

[Event "FRA Ch Acc"]
[Site "Montpellier FRA"]
[Date "1991.??.??"]
[Round "8"]
[White "Etchegaray, Patrice"]
[Black "Van Dongen, Patrick"]
[Result "0-1"]
[WhiteElo "2270"]
[BlackElo "2260"]
[PlyCount "56"]
[EventDate "1991.??.??"]
[Source "www.chesslib.no"]
[SourceDate "2004.05.04"]

1. d4 f5 2. e4 fxe4 3. Nc3 Nf6 4. g4 d5 5. g5 Ng8 6. f3 exf3 7. Qxf3 Nc6 8. Bb5 e6 9. Nge2 Nge7 10. O-O Nf5 11. Ng3 a6 12. Ba4 b5 13. Nxf5 exf5 14. Nxb5 axb5 15. Bxb5 Qd7 16. Bd2 g6 17. Rfe1+ Kf7 18. Qc3 Bb7 19. Bf4 Bg7 20. Be5 Rhe8 21. Qc5 Bxe5 22. dxe5 Re6 23. Rad1 Rd8 24. b4 Qe7 25. Qxe7+ Kxe7 26. Bxc6 Rxc6 27. Rd2 Ra8 28. Ra1 Ra3 0-1

[Event "BL2-N 9596"]
[Site "GER"]
[Date "1996.??.??"]
[Round "?"]
[White "Bach, Matthias"]
[Black "Renner, Kai"]
[Result "1-0"]
[WhiteElo "2330"]
[BlackElo "2190"]
[PlyCount "45"]
[EventDate "1995.10.??"]
[Source "www.chesslib.no"]
[SourceDate "2004.05.04"]

1. d4 f5 2. e4 fxe4 3. Nc3 Nf6 4. f3 d5 5. Bg5 Bf5 6. Nge2 exf3 7. Ng3 f2+ 8. Kxf2 Bg6 9. Bd3 Bxd3 10. Qxd3 Nbd7 11. Rhf1 g6 12. Kg1 Bg7 13. Nge2 c6 14. Nf4 Nf8 15. Rae1 Qd7 16. Nfxd5 Nxd5 17. Nxd5 cxd5 18. Rxe7+ Qxe7 19. Bxe7 Kxe7 20. Qa3+ Kd8 21. Qd6+ Ke8 22. Re1+ Kf7 23. Re7+ 1-0